Punchline rappeurs francais #4 - Statistiques

Statistiques générales
  • Ce quiz a été pris 851 fois
  • Le résultat moyen est 8 sur 15
Statistiques - réponses
Hint Réponse % Correct
Kalash, Kalash, Kalash, Kalash, sur la mélodie Chez nous pas de félonie Kalash Criminel
85%
Je t'aime de ouf, j'crois que j't'ai dans la peau Même le matin, t'es beau, j'ai rêvé que de toi T'es mon prince dans le château Wejdene
79%
Respecte le Don, fait pas l'mytho, mythoMon âme est noire comme dans le Vitto, puto (feat) Kaaris
74%
J'suis dans le tier-quar, je n'souris pas, à part quand un vrai frérot sort de taule Plus de clients, plus de liasses, même sous commission, on ne fait pas d'pauses Ninho
74%
Tu laisses tomber ta robe par terre T'es nue, j'reconnais mes torts J'en déduis qu't'es pas née d'hier SCH
69%
Laisse-moi être celui qui partage ta vie Oui, celui à qui tu te confies Nul ne saura te comprendre mieux que moi Donne moi ma chance tu verras Colonel Reyel
63%
J'suis dans des bails de fou, tu vois c'est pas compliquéQuand j'me jette dans la foule et qu'ils allument les briquets Ce soir, t'es relou, t'as le sang imbibé La première que tu croises, tu l'appelles "mon bébé" Naps
61%
Elle aime trop ma musique, elle aime que ça Alger, Bériz, Kinshasa Mais pourquoi le binks ne me quitte pas? J'ai sorti le bail qui les fait danser Soolking
58%
Elle aime pas quand je la laisse seule Et moi j'aime pas quand elle fait sa belle Jul
44%
À écouter mes profs, j'allais finir par terre, en manque de mapessas (à manquer de mapessas) Mais leur rêve s'est arrêté, maintenant, j'fais des ronds J'claque leur salaire dans d'la pe-sa, j'les baise D'mande aux autres, faire du le-sa, j'l'ai fait SDM
41%
Ne pense plus à lui, tu t'fais du mal, s'te plaît, n'y pense plus Il a souillé ton âme, toi tu, t'es battue Ton cœur est plus précieux que de l'or Tayc
41%
Je te veux depuis que j't'ai connu
Je sais même pas comment j'ai tenu
Je veux te voir sans retenu, sans témoin, sans ta tenue
J'ai du respect pour toi, j'ai besoin de toi
Dadju
40%
Bien sûr que si tu viens du seize j'te la bicrave normal Pas d'conte de fée, le Clochard ne plaît pas à la Belle PNL
32%
Maman a perdu son emploi Le goût du repas devenait vilain J'avais quelques sachets dans les couilles Aucune pétasse pour lécher mes couilles Zola
26%
Quand elle marche son booty fait ra-ka-ta-kou Quand j'ai vu ça, obligé de lui parler Mauvais djo, toujours une kichta sur moi Devant la cinquième, mon bébé j'ai tout payé Franglish
16%
Aucun quiz correspondant
Distribution des résultats
% des personnes avec chaque résultat
Percentile par nombre de réponses
Votre historique - résultats
Vous n’avez pas pris ce quiz